[Event "OSEM 2019"]
[Site "Oberviechtach"]
[Date "2019.04.15"]
[Round "6.1"]
[White "Riedl, Maximilian"]
[Black "Brüll, Martin"]
[Result "0-1"]
[WhiteElo "1907"]
[BlackElo "1782"]
[PlyCount "76"]
[EventDate "2019.??.??"]
[WhiteTeam "SC Furth Waldmünchen"]
[BlackTeam "SC Bavaria Regensburg von 1881"]

1. Nf3 c5 2. e4 d6 3. Bb5+ Nd7 4. O-O a6 5. Bxd7+ Bxd7 6. c4 g6 7. d4 cxd4 8.
Qxd4 Nf6 9. Nc3 Bg7 10. Nd5 O-O 11. Nxf6+ Bxf6 12. e5 dxe5 13. Nxe5 Bf5 14. Qe3
Qc7 15. f4 Rad8 16. b3 Bg7 17. Bb2 f6 18. Nf3 Rd3 19. Qc1 Rfd8 20. c5 Qc6 21.
Ba3 Be4 22. Qc4+ e6 23. Rae1 f5 24. Ne5 Bxe5 25. fxe5 Bxg2 26. Rf2 Rd1 27. Rfe2
Bf1 28. Kxf1 Qh1+ 29. Kf2 Qxh2+ 30. Kf1 Rxe1+ 31. Rxe1 Qh1+ 32. Kf2 Qh2+ 33.
Kf3 Kf7 34. Re2 Qh3+ 35. Kf2 g5 36. Bc1 Qh2+ 37. Kf3 g4+ 38. Ke3 Qg3# 0-1

[Event "OSEM 2019"]
[Site "Oberviechtach"]
[Date "2019.04.15"]
[Round "6.2"]
[White "Nöckler, Alexander"]
[Black "Blodig, Martin"]
[Result "1-0"]
[WhiteElo "1891"]
[BlackElo "1841"]
[PlyCount "67"]
[EventDate "2019.??.??"]
[WhiteTeam "SK Weiden"]
[BlackTeam "SK Kelheim"]

1. c4 e6 2. Nf3 d5 3. e3 c5 4. d4 Nf6 5. Be2 Nc6 6. cxd5 Nxd5 7. O-O Be7 8.
dxc5 O-O 9. a3 Bxc5 10. b4 Be7 11. Bb2 Bf6 12. Qb3 a6 13. Rd1 b5 14. Nc3 Bxc3
15. Bxc3 Qb6 16. Bb2 a5 17. Nd4 axb4 18. Nxc6 Qxc6 19. axb4 Bb7 20. Rac1 Qb6
21. Bd4 Qa6 22. Qb2 f6 23. Bc5 Rfc8 24. Bf3 Nb6 25. Rd6 Bxf3 26. Rxb6 Qa7 27.
gxf3 Qf7 28. Qc2 f5 29. Qb3 Re8 30. Kf1 Kh8 31. Bd4 Ra4 32. Rcc6 Rea8 33. Qxe6
Qf8 34. Rb7 1-0

[Event "OSEM 2019"]
[Site "Oberviechtach"]
[Date "2019.04.15"]
[Round "6.3"]
[White "Ott, Ian"]
[Black "Wiesgickl, Gerhard"]
[Result "1-0"]
[WhiteElo "1818"]
[BlackElo "1919"]
[PlyCount "51"]
[EventDate "2019.??.??"]
[WhiteTeam "SC Bavaria Regensburg von 1881"]
[BlackTeam "DJK Amberg"]

1. Nf3 Nf6 2. d4 c5 3. c4 cxd4 4. Nxd4 Nc6 5. Nc3 g6 6. g3 Bg7 7. Bg2 O-O 8.
O-O a6 9. Re1 Qb6 10. Nxc6 bxc6 11. e4 h5 12. Qc2 Rb8 13. Na4 Qc7 14. Bf4 e5
15. Bd2 d6 16. Rad1 Be6 17. b3 Ng4 18. h3 Nh6 19. Bc3 f5 20. c5 Rbd8 21. cxd6
Rxd6 22. Nc5 Rxd1 23. Nxe6 Rxe1+ 24. Bxe1 Qd6 25. Nxf8 f4 26. Qc4+ 1-0

[Event "OSEM 2019"]
[Site "Oberviechtach"]
[Date "2019.04.15"]
[Round "6.4"]
[White "Gleis, Wolfgang"]
[Black "Landstorfer, Raphael"]
[Result "1/2-1/2"]
[WhiteElo "1586"]
[BlackElo "1863"]
[PlyCount "41"]
[EventDate "2019.??.??"]
[WhiteTeam "SF Tegernheim"]
[BlackTeam "TSV Kareth-Lappersdorf"]

1. d4 d5 2. Nf3 Nf6 3. Bg5 e6 4. e3 Be7 5. Bd3 c5 6. c3 b6 7. Nbd2 Nbd7 8. O-O
Bb7 9. Ne5 Nxe5 10. dxe5 Ne4 11. Bxe7 Qxe7 12. Bb5+ Kf8 13. f3 Nxd2 14. Qxd2 g6
15. f4 Kg7 16. Qf2 h5 17. Rad1 Rac8 18. e4 a6 19. f5 exf5 20. exf5 gxf5 21. Bd3
1/2-1/2

[Event "OSEM 2019"]
[Site "Oberviechtach"]
[Date "2019.04.15"]
[Round "6.5"]
[White "Achhammer, Thomas"]
[Black "Vinogradov, Anatoli"]
[Result "1-0"]
[WhiteElo "1860"]
[BlackElo "1782"]
[PlyCount "49"]
[EventDate "2019.??.??"]
[WhiteTeam "FC Mintraching"]
[BlackTeam "DJK Amberg"]

1. e4 e6 2. d4 d5 3. Nd2 Nf6 4. e5 Nfd7 5. Bd3 c5 6. c3 Nc6 7. Ne2 Qb6 8. O-O
cxd4 9. cxd4 Nxd4 10. Nxd4 Qxd4 11. Nf3 Qb6 12. Qa4 Bc5 13. Bd2 O-O 14. Qh4 g6
15. b4 Nxe5 16. bxc5 Nxf3+ 17. gxf3 Qd8 18. Qd4 f6 19. f4 Kf7 20. Rab1 h6 21.
Rfc1 Rg8 22. c6 bxc6 23. Rxc6 e5 24. fxe5 fxe5 25. Qxe5 1-0

[Event "OSEM 2019"]
[Site "Oberviechtach"]
[Date "2019.04.15"]
[Round "6.6"]
[White "Askri, Samir"]
[Black "Gold, Florian"]
[Result "1/2-1/2"]
[WhiteElo "1712"]
[BlackElo "1710"]
[PlyCount "65"]
[EventDate "2019.??.??"]
[WhiteTeam "DJK Amberg"]
[BlackTeam "SK Kelheim"]

1. d4 f5 2. c4 Nf6 3. Nf3 e6 4. b3 Bb4+ 5. Bd2 Bxd2+ 6. Nbxd2 d6 7. Qc2 O-O 8.
e4 fxe4 9. Nxe4 e5 10. Bd3 g6 11. h4 Nc6 12. a3 Bf5 13. d5 Nd4 14. Nxd4 exd4
15. O-O-O Nxe4 16. Bxe4 Bxe4 17. Qxe4 Rxf2 18. Qxd4 Qf6 19. Qxf6 Rxf6 20. Rhf1
Raf8 21. Rxf6 Rxf6 22. Re1 Kf7 23. Kd2 Rf4 24. g3 Rf2+ 25. Kd3 Kf6 26. g4 Rf3+
27. Kc2 Rf4 28. g5+ Kf7 29. Rh1 Ke7 30. h5 Rg4 31. hxg6 hxg6 32. Rh7+ Kd8 33.
Rh8+ 1/2-1/2

[Event "OSEM 2019"]
[Site "Oberviechtach"]
[Date "2019.04.15"]
[Round "6.7"]
[White "Hadzhimustafa, Erkan"]
[Black "Stark, Martin"]
[Result "0-1"]
[WhiteElo "1879"]
[BlackElo "1817"]
[PlyCount "88"]
[EventDate "2019.??.??"]
[WhiteTeam "SC Bavaria Regensburg von 1881"]
[BlackTeam "SF Luhe-Wildenau"]

1. e4 c6 2. c4 d5 3. cxd5 cxd5 4. exd5 Qxd5 5. Nc3 Qa5 6. Nf3 Nf6 7. d4 e6 8.
Bc4 Be7 9. O-O O-O 10. Bf4 a6 11. Bb3 Rd8 12. Ne5 Nbd7 13. Nc4 Qh5 14. Qd2 Nc5
15. Bd1 Qh4 16. g3 Qh3 17. Qe3 Ncd7 18. Bf3 Ng4 19. Bxg4 Qxg4 20. Kg2 b6 21.
Bc7 Bb7+ 22. f3 Rdc8 23. Nd6 Rxc7 24. Nxb7 Qf5 25. g4 Qg6 26. d5 Rxb7 27. Rad1
Bc5 28. Qf4 exd5 29. Rxd5 Qc2+ 30. Rd2 Qg6 31. Rfd1 Nf8 32. Ne4 h5 33. Nd6 Bxd6
34. Rxd6 Qc2+ 35. R1d2 Qc5 36. R6d5 Qc7 37. Qe4 hxg4 38. Qxg4 Re8 39. h4 Qc8
40. Qg3 Rbe7 41. Rf2 Re1 42. h5 Qc1 43. Kh3 Rh1+ 44. Kg4 Qc4+ 0-1

[Event "OSEM 2019"]
[Site "Oberviechtach"]
[Date "2019.04.15"]
[Round "6.8"]
[White "Forster, Stefan"]
[Black "Sanner, Christoph"]
[Result "0-1"]
[WhiteElo "1665"]
[BlackElo "1860"]
[PlyCount "52"]
[EventDate "2019.??.??"]
[WhiteTeam "ASV Burglengenfeld"]
[BlackTeam "SK Weiden"]

1. e4 c6 2. d4 d5 3. exd5 cxd5 4. c4 Nf6 5. Nc3 Nc6 6. cxd5 Nxd5 7. Bb5 Nxc3 8.
bxc3 Bd7 9. Nf3 e6 10. O-O a6 11. Bd3 Ne7 12. a4 Ng6 13. Re1 Be7 14. d5 O-O 15.
c4 exd5 16. cxd5 Bg4 17. Bxg6 fxg6 18. Qb3 Bd6 19. Bg5 Qd7 20. Ne5 Qf5 21. Nxg4
Qxg5 22. Re6 Rad8 23. Qc4 Rf4 24. Qb3 Rxg4 25. g3 Rb4 26. Qd3 Qf5 0-1

[Event "OSEM 2019"]
[Site "Oberviechtach"]
[Date "2019.04.15"]
[Round "6.9"]
[White "Moroz, Grigorij"]
[Black "Pilhöfer, Lukas"]
[Result "1/2-1/2"]
[WhiteElo "1924"]
[BlackElo "1614"]
[PlyCount "74"]
[EventDate "2019.??.??"]
[WhiteTeam "SK Weiden"]
[BlackTeam "SC Sulzbach-Rosenberg"]

1. e4 c5 2. Nf3 Nc6 3. d4 cxd4 4. Nxd4 Nf6 5. Nc3 e6 6. Ndb5 d6 7. Bf4 e5 8.
Bg5 a6 9. Na3 Be7 10. Bxf6 Bxf6 11. Nc4 Nd4 12. Nd5 Be6 13. Ncb6 Bxd5 14. Nxd5
O-O 15. c3 Nc6 16. Be2 g6 17. Bg4 Bg7 18. O-O Ne7 19. Qd3 Nxd5 20. Qxd5 Qe7 21.
Rad1 Rad8 22. Rd3 Kh8 23. Rfd1 f5 24. Bf3 Rd7 25. Qb3 Rfd8 26. Rd5 f4 27. c4
Rc7 28. Qd3 Bf8 29. Bg4 h5 30. Bh3 g5 31. Bf5 Kg7 32. b4 Rc6 33. h3 Qc7 34. c5
b6 35. cxd6 Rcxd6 36. Qxa6 Rxd5 37. exd5 Bxb4 1/2-1/2

[Event "OSEM 2019"]
[Site "Oberviechtach"]
[Date "2019.04.15"]
[Round "6.10"]
[White "Preischl, Manfred"]
[Black "Stöckl, Maximilian"]
[Result "1-0"]
[WhiteElo "1489"]
[BlackElo "1738"]
[PlyCount "80"]
[EventDate "2019.??.??"]
[WhiteTeam "TSV Nittenau"]
[BlackTeam "SK Schwandorf"]

1. c4 Nf6 2. g3 e6 3. Bg2 d5 4. cxd5 exd5 5. Nf3 g6 6. Nc3 Bg7 7. O-O O-O 8. d4
Re8 9. e3 Nbd7 10. Bd2 b6 11. Rc1 Ba6 12. Re1 c5 13. Ne2 Rc8 14. Qa4 Bxe2 15.
Rxe2 Qc7 16. Be1 Qb7 17. Qd1 Ne4 18. Rec2 Red8 19. Nd2 Ndf6 20. f3 Nxd2 21.
Qxd2 Qe7 22. Bf2 Bh6 23. a4 Re8 24. Re1 Qd7 25. a5 Qa4 26. axb6 axb6 27. Qc3
Bg7 28. b3 Qd7 29. Qd3 Qe6 30. e4 dxe4 31. fxe4 cxd4 32. Rxc8 Rxc8 33. Qxd4 b5
34. e5 Ng4 35. Bh3 h5 36. Bxg4 hxg4 37. Qd3 b4 38. Qe4 Qxb3 39. Qxg4 Qc3 40. e6
fxe6 1-0

[Event "OSEM 2019"]
[Site "Oberviechtach"]
[Date "2019.04.15"]
[Round "6.11"]
[White "Jobst, Thomas"]
[Black "Wetzler, Sophia"]
[Result "1/2-1/2"]
[WhiteElo "1862"]
[BlackElo "1682"]
[PlyCount "80"]
[EventDate "2019.??.??"]
[WhiteTeam "SC Bavaria Regensburg von 1881"]
[BlackTeam "SC Bavaria Regensburg von 1881"]

1. c4 Nf6 2. g3 Nc6 3. Bg2 d6 4. Nc3 Bd7 5. e4 e5 6. Nge2 g6 7. d3 Bg7 8. Bg5
h6 9. Be3 Ng4 10. Bd2 Be6 11. h3 Nf6 12. O-O Qd7 13. Kh2 O-O-O 14. Nd5 g5 15.
Qa4 g4 16. h4 Nh7 17. Nb4 a6 18. Nxc6 Qxc6 19. Qxc6 bxc6 20. Nc3 Kd7 21. f3 f5
22. fxg4 fxg4 23. Rf2 Ke7 24. Be3 Nf6 25. Raf1 Rhf8 26. b3 Nh5 27. Rxf8 Rxf8
28. Rxf8 Kxf8 29. Bf2 Ke7 30. Kg1 Kd7 31. Kf1 c5 32. Ke2 Kc6 33. Kd2 Bf6 34.
Bf1 Bd8 35. Be2 Kd7 36. Nd1 Nf6 37. a3 a5 38. Kc2 Ng8 39. Be1 c6 40. Bd2 h5
1/2-1/2

[Event "OSEM 2019"]
[Site "Oberviechtach"]
[Date "2019.04.15"]
[Round "6.12"]
[White "Fröhlich, Manuel"]
[Black "Horther-Schneider, Elsbeth"]
[Result "0-1"]
[WhiteElo "1652"]
[BlackElo "1851"]
[PlyCount "96"]
[EventDate "2019.??.??"]
[WhiteTeam "SV OVI"]
[BlackTeam "SC Windischeschenbach"]

1. d4 Nf6 2. c4 e6 3. Nf3 d5 4. e3 b6 5. a3 Bb7 6. Nc3 Be7 7. Bd2 O-O 8. cxd5
exd5 9. Bd3 Nbd7 10. b4 c5 11. bxc5 bxc5 12. Bb5 c4 13. O-O Bd6 14. h3 a6 15.
Ba4 Qe7 16. Bxd7 Qxd7 17. Ne1 Bc6 18. f3 Rfe8 19. Nc2 a5 20. Qe2 Nh5 21. Be1
Bc7 22. Qd2 Re6 23. f4 f5 24. Rf3 Rg6 25. Bh4 Rb8 26. Rb1 Rb3 27. Kh1 Bd6 28.
Ra1 Nf6 29. Bxf6 Rxf6 30. Ne2 Qc7 31. g4 fxg4 32. hxg4 Rh6+ 33. Kg2 Rb2 34. Qc1
Qb8 35. Rf2 Qb3 36. Ng3 Ba4 37. Ne1 c3 38. Nf5 Rf6 39. Nxd6 Rxd6 40. Nd3 Rxf2+
41. Kxf2 Rb6 42. Nc5 Qb2+ 43. Kg3 Bc2 44. g5 Rb8 45. Kg4 Bg6 46. Qf1 Bb1 47.
Nd7 c2 48. Nf6+ Kh8 0-1

[Event "OSEM 2019"]
[Site "Oberviechtach"]
[Date "2019.04.15"]
[Round "6.13"]
[White "Brüll, Elias"]
[Black "Baumüller, Steffen"]
[Result "1/2-1/2"]
[WhiteElo "1815"]
[BlackElo "1690"]
[PlyCount "71"]
[EventDate "2019.??.??"]
[WhiteTeam "SC Bavaria Regensburg von 1881"]
[BlackTeam "DJK Amberg"]

1. e4 c5 2. Nf3 Nc6 3. d4 cxd4 4. Nxd4 Nf6 5. Nc3 e5 6. Ndb5 d6 7. Bg5 a6 8.
Na3 Be7 9. Bxf6 Bxf6 10. Nc4 Nd4 11. Ne2 b5 12. Nxd4 exd4 13. Nd2 O-O 14. f4 d3
15. c3 b4 16. cxb4 Bxb2 17. Rb1 Bc3 18. Bxd3 Be6 19. a3 Qb6 20. Qe2 Rfe8 21.
Kf1 f5 22. e5 dxe5 23. fxe5 Kh8 24. Nf3 Bd5 25. Bxf5 Bxf3 26. gxf3 Bxe5 27. Be4
Rac8 28. Kg2 Rc3 29. a4 Qh6 30. b5 Qg5+ 31. Kf1 axb5 32. axb5 Rd8 33. Rg1 Rc1+
34. Rxc1 Qxc1+ 35. Kg2 Qg5+ 36. Kf1 1/2-1/2

[Event "OSEM 2019"]
[Site "Oberviechtach"]
[Date "2019.04.15"]
[Round "6.15"]
[White "Adlhoch, Walter"]
[Black "Heipeck, Jan"]
[Result "1-0"]
[WhiteElo "1534"]
[BlackElo "1495"]
[PlyCount "70"]
[EventDate "2019.??.??"]
[WhiteTeam "SK Schwandorf"]
[BlackTeam "FC Mintraching"]

1. c4 Nf6 2. Nc3 g6 3. g3 Bg7 4. Bg2 O-O 5. d3 d6 6. e4 Nc6 7. Nge2 e5 8. O-O
Ne7 9. f4 c6 10. h3 Ne8 11. Kh2 f5 12. Be3 Be6 13. Rc1 Qd7 14. Qd2 Nc7 15. b3
d5 16. cxd5 cxd5 17. fxe5 dxe4 18. dxe4 Qxd2 19. Bxd2 Rad8 20. Bg5 Rd7 21. Nf4
Bxe5 22. Nxe6 Nxe6 23. Bxe7 Rxe7 24. exf5 gxf5 25. Rce1 Bb8 26. Bd5 Rf6 27. Nb5
a6 28. Nd4 Kf7 29. Re2 f4 30. Rfe1 fxg3+ 31. Kg2 Rf2+ 32. Rxf2+ gxf2 33. Rxe6
Rxe6 34. Nxe6 Ke7 35. Ng5 b6 1-0

[Event "OSEM 2019"]
[Site "Oberviechtach"]
[Date "2019.04.15"]
[Round "6.16"]
[White "Achhammer, Michael"]
[Black "Kaltschmidt, Andreas"]
[Result "1/2-1/2"]
[WhiteElo "1580"]
[BlackElo "1670"]
[PlyCount "50"]
[EventDate "2019.??.??"]
[WhiteTeam "FC Mintraching"]
[BlackTeam "SK Weiden"]

1. e4 e5 2. Nf3 Nf6 3. Bc4 Be7 4. d3 Nc6 5. c3 d6 6. O-O O-O 7. h3 Na5 8. Bb5
c6 9. Ba4 b5 10. Bc2 Qc7 11. Re1 c5 12. Nbd2 Nc6 13. a4 b4 14. Nf1 Ne8 15. Ne3
a5 16. Nd5 Qd8 17. Be3 Rb8 18. d4 f5 19. Nxe7+ Qxe7 20. Bg5 Qc7 21. d5 Ne7 22.
c4 f4 23. Bxe7 Qxe7 24. Kf1 h6 25. Nh2 Nf6 1/2-1/2

[Event "OSEM 2019"]
[Site "Oberviechtach"]
[Date "2019.04.15"]
[Round "6.17"]
[White "Isert, Fabian"]
[Black "Karner, Carl-Philipp"]
[Result "1-0"]
[WhiteElo "1935"]
[BlackElo "1578"]
[PlyCount "71"]
[EventDate "2019.??.??"]
[WhiteTeam "SC Bavaria Regensburg von 1881"]
[BlackTeam "ASV Burglengenfeld"]

1. c4 e5 2. Nc3 Nf6 3. Nf3 Nc6 4. g3 g6 5. Bg2 Bg7 6. O-O O-O 7. d3 d6 8. Rb1
Re8 9. Nd2 Nh5 10. b4 f5 11. b5 Ne7 12. Qc2 Rb8 13. a4 b6 14. Nb3 Be6 15. a5
Nf6 16. Bd2 e4 17. Na2 d5 18. Nb4 Qd7 19. Nd4 dxc4 20. Ndc6 Nxc6 21. Nxc6 cxd3
22. exd3 exd3 23. Qc1 Bd5 24. Bxd5+ Nxd5 25. Nxb8 Rxb8 26. Qc4 Rc8 27. Qxd3 c5
28. bxc6 Rxc6 29. Rfd1 Qf7 30. axb6 axb6 31. Rb5 Rc5 32. Rbb1 Bf6 33. Be1 f4
34. Rb5 Qe6 35. Rxc5 bxc5 36. Qxd5 1-0

[Event "OSEM 2019"]
[Site "Oberviechtach"]
[Date "2019.04.16"]
[Round "7.1"]
[White "Blodig, Martin"]
[Black "Brüll, Martin"]
[Result "1-0"]
[WhiteElo "1841"]
[BlackElo "1782"]
[PlyCount "33"]
[EventDate "2019.??.??"]
[WhiteTeam "SK Kelheim"]
[BlackTeam "SC Bavaria Regensburg von 1881"]

1. e4 c5 2. c3 g6 3. d4 cxd4 4. cxd4 d5 5. e5 Nc6 6. h3 e6 7. Nf3 h5 8. Nc3 Nh6
9. Bd3 Nf5 10. Bxf5 exf5 11. Qb3 Ne7 12. Bg5 Be6 13. Qxb7 Rb8 14. Qxa7 Rxb2 15.
O-O Qc8 16. Qa4+ Qc6 17. Bxe7 1-0

[Event "OSEM 2019"]
[Site "Oberviechtach"]
[Date "2019.04.16"]
[Round "7.2"]
[White "Ott, Ian"]
[Black "Nöckler, Alexander"]
[Result "1-0"]
[WhiteElo "1818"]
[BlackElo "1891"]
[PlyCount "165"]
[EventDate "2019.??.??"]
[WhiteTeam "SC Bavaria Regensburg von 1881"]
[BlackTeam "SK Weiden"]

1. d4 d5 2. c4 e6 3. Nc3 Nf6 4. Bg5 Be7 5. e3 O-O 6. Nf3 c6 7. Qc2 Nbd7 8. Bd3
h6 9. Bh4 b6 10. O-O Bb7 11. Rfd1 a6 12. Rac1 dxc4 13. Bxc4 b5 14. Be2 Qb6 15.
Ne5 Bb4 16. Nxd7 Nxd7 17. a3 Bd6 18. Ne4 Bc7 19. Be7 Rfe8 20. Bc5 Nxc5 21. Nxc5
Rac8 22. Bf3 Ba8 23. b4 Red8 24. Bg4 Bd6 25. g3 Rc7 26. Qe4 Bxc5 27. Rxc5 Rd6
28. Be2 Bb7 29. Rdc1 Rcd7 30. R1c3 Qd8 31. Qc2 Qa8 32. Bf3 Rc7 33. h4 Qe8 34.
d5 exd5 35. Bxd5 Rc8 36. Bf3 Qd7 37. Qf5 Qd8 38. Rc1 Rc7 39. Qb1 Rf6 40. Rd1
Rd7 41. Kg2 Bc8 42. Rcc1 Rdd6 43. Rxd6 Rxd6 44. Rd1 Qd7 45. Rxd6 Qxd6 46. Qe4
Bd7 47. Qd4 Qxd4 48. exd4 Kf8 49. d5 cxd5 50. Bxd5 Bc8 51. Kf3 Ke7 52. Ke4 f6
53. Kd4 Kd6 54. Be4 Kc7 55. Kc5 Be6 56. Bc6 Bb3 57. Bd5 Bc2 58. f3 Bd1 59. Be4
Be2 60. Kd4 Kb6 61. Kd5 f5 62. Bxf5 Bxf3+ 63. Kd6 g5 64. hxg5 hxg5 65. Ke5 a5
66. Kf6 axb4 67. axb4 Kc6 68. Kxg5 Kd6 69. Kf4 Be2 70. Ke3 Bh5 71. Kd4 Bf7 72.
g4 Be8 73. g5 Ke7 74. Ke5 Bh5 75. Be6 Bg6 76. Bd5 Bd3 77. Be4 Bc4 78. g6 Kf8
79. Kf6 Ke8 80. Bf5 Kd8 81. Be6 Bd3 82. g7 Bh7 83. Ke5 1-0

[Event "OSEM 2019"]
[Site "Oberviechtach"]
[Date "2019.04.16"]
[Round "7.3"]
[White "Riedl, Maximilian"]
[Black "Achhammer, Thomas"]
[Result "0-1"]
[WhiteElo "1907"]
[BlackElo "1860"]
[PlyCount "62"]
[EventDate "2019.??.??"]
[WhiteTeam "SC Furth Waldmünchen"]
[BlackTeam "FC Mintraching"]

1. d4 Nf6 2. Nf3 d5 3. Bg5 c5 4. e3 Bf5 5. c3 Qb6 6. Qc1 e6 7. Ne5 Ne4 8. Bh4
f6 9. dxc5 Nxc5 10. Nf3 Bd3 11. Kd2 Qa6 12. Na3 Nc6 13. Bxd3 Qxd3+ 14. Ke1 Qa6
15. Kd2 Ne4+ 16. Kc2 Rc8 17. Qf1 Nb4+ 18. Kb1 Nxc3+ 19. bxc3 Qxa3 20. Qb5+ Rc6
21. cxb4 a6 22. Qxc6+ bxc6 23. Kc2 Bxb4 24. Rac1 Qxa2+ 25. Kd3 c5 26. e4 dxe4+
27. Kxe4 Qe2+ 28. Kf4 g5+ 29. Kg4 h5+ 30. Kg3 gxh4+ 31. Kh3 Qe4 0-1

[Event "OSEM 2019"]
[Site "Oberviechtach"]
[Date "2019.04.16"]
[Round "7.4"]
[White "Sanner, Christoph"]
[Black "Stark, Martin"]
[Result "0-1"]
[WhiteElo "1860"]
[BlackElo "1817"]
[PlyCount "48"]
[EventDate "2019.??.??"]
[WhiteTeam "SK Weiden"]
[BlackTeam "SF Luhe-Wildenau"]

1. f4 d5 2. e3 Nf6 3. d3 g6 4. Nf3 Bg7 5. g3 O-O 6. Bg2 c5 7. O-O Nc6 8. Nbd2
Qc7 9. Nb3 b6 10. Re1 Bb7 11. e4 dxe4 12. dxe4 Rad8 13. Qe2 e6 14. e5 Nd5 15.
a3 a5 16. c4 Nde7 17. Be3 Nf5 18. g4 Nxe3 19. Qxe3 a4 20. Nbd2 Nd4 21. Nxd4
Rxd4 22. Bxb7 Qxb7 23. Ne4 Re8 24. Nd6 Rxd6 0-1

[Event "OSEM 2019"]
[Site "Oberviechtach"]
[Date "2019.04.16"]
[Round "7.5"]
[White "Landstorfer, Raphael"]
[Black "Askri, Samir"]
[Result "0-1"]
[WhiteElo "1863"]
[BlackElo "1712"]
[PlyCount "52"]
[EventDate "2019.??.??"]
[WhiteTeam "TSV Kareth-Lappersdorf"]
[BlackTeam "DJK Amberg"]

1. e4 c5 2. Nf3 d6 3. Bb5+ Bd7 4. Bxd7+ Qxd7 5. c4 Nf6 6. Nc3 g6 7. d4 cxd4 8.
Nxd4 Bg7 9. f3 Nc6 10. Be3 O-O 11. O-O Rac8 12. b3 Rfd8 13. Rc1 Ne8 14. Qd2
Nxd4 15. Bxd4 Bxd4+ 16. Qxd4 b6 17. Rfd1 Ng7 18. e5 Nf5 19. Qe4 Qe6 20. exd6
Rxd6 21. Rxd6 Qxd6 22. Rd1 Qc5+ 23. Kh1 Rc6 24. Nd5 Re6 25. Qc2 Re5 26. Qc3
Ng3+ 0-1

[Event "OSEM 2019"]
[Site "Oberviechtach"]
[Date "2019.04.16"]
[Round "7.6"]
[White "Wiesgickl, Gerhard"]
[Black "Preischl, Manfred"]
[Result "1/2-1/2"]
[WhiteElo "1919"]
[BlackElo "1489"]
[PlyCount "75"]
[EventDate "2019.??.??"]
[WhiteTeam "DJK Amberg"]
[BlackTeam "TSV Nittenau"]

1. Nf3 Nf6 2. b3 d5 3. e3 Bf5 4. Bb2 e6 5. Be2 Bd6 6. d3 h6 7. O-O O-O 8. Nbd2
Nbd7 9. d4 Ne4 10. Nxe4 Bxe4 11. c4 c6 12. Bd3 Bxd3 13. Qxd3 Nf6 14. Ne5 Rc8
15. c5 Bb8 16. b4 Nd7 17. Qe2 Nxe5 18. dxe5 b6 19. f4 bxc5 20. bxc5 Qe7 21. Bd4
a5 22. Qh5 Ba7 23. Rac1 Kh7 24. Qe2 Rb8 25. f5 exf5 26. Rxf5 Rb5 27. h3 Bxc5
28. Qc2 g6 29. Bxc5 Rxc5 30. Qxc5 Qxc5 31. Rxf7+ Rxf7 32. Rxc5 Re7 33. Rxc6
Rxe5 34. Rc7+ Kg8 35. Kf2 Re4 36. Rc5 Ra4 37. Rc2 Kf7 38. Kf3 1/2-1/2

[Event "OSEM 2019"]
[Site "Oberviechtach"]
[Date "2019.04.16"]
[Round "7.7"]
[White "Gold, Florian"]
[Black "Gleis, Wolfgang"]
[Result "1/2-1/2"]
[WhiteElo "1710"]
[BlackElo "1586"]
[PlyCount "39"]
[EventDate "2019.??.??"]
[WhiteTeam "SK Kelheim"]
[BlackTeam "SF Tegernheim"]

1. e4 Nf6 2. Nc3 d5 3. e5 Nfd7 4. Nxd5 Nxe5 5. Nc3 Nbc6 6. Bb5 a6 7. Ba4 b5 8.
Bb3 e6 9. Nf3 Bb7 10. d4 Nxf3+ 11. Qxf3 Rb8 12. d5 Nd4 13. Qh5 Nxb3 14. dxe6
Qe7 15. Qxf7+ Qxf7 16. exf7+ Kxf7 17. axb3 Bxg2 18. Rg1 Bb7 19. Bf4 Re8+ 20.
Kf1 1/2-1/2

[Event "OSEM 2019"]
[Site "Oberviechtach"]
[Date "2019.04.16"]
[Round "7.8"]
[White "Wetzler, Sophia"]
[Black "Moroz, Grigorij"]
[Result "0-1"]
[WhiteElo "1682"]
[BlackElo "1924"]
[PlyCount "44"]
[EventDate "2019.??.??"]
[WhiteTeam "SC Bavaria Regensburg von 1881"]
[BlackTeam "SK Weiden"]

1. e4 d6 2. Nf3 Nf6 3. Nc3 g6 4. d4 Bg7 5. h3 O-O 6. Be3 a6 7. Qd2 b5 8. a3 Bb7
9. Bd3 Nbd7 10. Bh6 c5 11. Bxg7 Kxg7 12. e5 Nd5 13. Be4 N7b6 14. Nxd5 Bxd5 15.
Bxd5 Nxd5 16. O-O-O c4 17. c3 a5 18. Ng5 b4 19. axb4 axb4 20. cxb4 Qb6 21. exd6
Nxb4 22. Kb1 Ra1+ 0-1

[Event "OSEM 2019"]
[Site "Oberviechtach"]
[Date "2019.04.16"]
[Round "7.9"]
[White "Pilhöfer, Lukas"]
[Black "Horther-Schneider, Elsbeth"]
[Result "1/2-1/2"]
[WhiteElo "1614"]
[BlackElo "1851"]
[PlyCount "85"]
[EventDate "2019.??.??"]
[WhiteTeam "SC Sulzbach-Rosenberg"]
[BlackTeam "SC Windischeschenbach"]

1. d4 Nf6 2. c4 e6 3. Nc3 d5 4. Bf4 c6 5. e3 dxc4 6. Bxc4 Nd5 7. Bg3 Nd7 8. Nf3
Be7 9. O-O O-O 10. a3 N7f6 11. h3 Nxc3 12. bxc3 Ne4 13. Bh2 Nxc3 14. Qb3 Ne4
15. Rfd1 Qa5 16. Bd3 Nf6 17. e4 Rd8 18. Bf4 b5 19. Rdc1 Qb6 20. Be3 a6 21. Ne5
Bb7 22. d5 c5 23. dxe6 Qxe6 24. Qxe6 fxe6 25. Bxc5 Bxc5 26. Rxc5 Bxe4 27. Bxe4
Nxe4 28. Rc6 Rd6 29. Rac1 Rxc6 30. Rxc6 Nd2 31. Rc3 h6 32. f3 a5 33. Kf2 a4 34.
Ke2 Nb3 35. Nc6 Kf7 36. Ke3 Kf6 37. Nd4 Nxd4 38. Kxd4 Rd8+ 39. Ke3 Rd5 40. g4
Rd1 41. h4 g6 42. f4 g5 43. fxg5+ 1/2-1/2

[Event "OSEM 2019"]
[Site "Oberviechtach"]
[Date "2019.04.16"]
[Round "7.10"]
[White "Vinogradov, Anatoli"]
[Black "Brüll, Elias"]
[Result "0-1"]
[WhiteElo "1782"]
[BlackElo "1815"]
[PlyCount "74"]
[EventDate "2019.??.??"]
[WhiteTeam "DJK Amberg"]
[BlackTeam "SC Bavaria Regensburg von 1881"]

1. d4 Nf6 2. c4 g6 3. Nc3 d5 4. e3 Bg7 5. Nf3 O-O 6. cxd5 Nxd5 7. Bd3 c5 8.
Nxd5 Qxd5 9. dxc5 Nc6 10. O-O Rd8 11. Be2 Qxc5 12. Qb3 Be6 13. Qa4 Nb4 14. Bd2
Nxa2 15. Rxa2 Bxa2 16. Qxa2 Qc2 17. Rc1 Qxb2 18. Qxb2 Bxb2 19. Rb1 Bf6 20. Rxb7
a5 21. Rb5 a4 22. Ra5 a3 23. Bc4 Rxa5 24. Bxa5 Ra8 25. Bd2 a2 26. Bxa2 Rxa2 27.
Kf1 Kg7 28. h3 e5 29. Ke2 e4 30. Nd4 Bxd4 31. exd4 f5 32. f3 exf3+ 33. gxf3 Kf6
34. f4 Ke6 35. h4 Kd5 36. Kd3 Ra3+ 37. Bc3 h5 0-1

[Event "OSEM 2019"]
[Site "Oberviechtach"]
[Date "2019.04.16"]
[Round "7.11"]
[White "Baumüller, Steffen"]
[Black "Hadzhimustafa, Erkan"]
[Result "1-0"]
[WhiteElo "1690"]
[BlackElo "1879"]
[PlyCount "119"]
[EventDate "2019.??.??"]
[WhiteTeam "DJK Amberg"]
[BlackTeam "SC Bavaria Regensburg von 1881"]

1. d4 Nf6 2. c4 e6 3. Nc3 Bb4 4. e3 d5 5. Bd3 O-O 6. Nge2 b6 7. cxd5 exd5 8. a3
Bd6 9. Ng3 c5 10. O-O Bg4 11. Qc2 h5 12. Nf5 a6 13. Nxd6 Qxd6 14. h3 Bd7 15.
dxc5 bxc5 16. Rd1 Nc6 17. Na4 c4 18. Bxc4 Ne5 19. Be2 Rfc8 20. Nc3 Qe6 21. Qd2
Bc6 22. b4 Rd8 23. Qd4 Bb7 24. Bb2 Nc4 25. Bxc4 dxc4 26. Qxd8+ Rxd8 27. Rxd8+
Kh7 28. Rd4 g5 29. Re1 g4 30. h4 g3 31. f3 Kg6 32. e4 Kh7 33. Na4 c3 34. Nc5
Qa2 35. Bxc3 Qc2 36. Nxb7 Qxc3 37. Red1 Qxa3 38. Nd6 Kg6 39. Nf5 Qb3 40. Nxg3
Qe3+ 41. Kh1 Qf4 42. Nf5 Ne8 43. Ra1 Nc7 44. Rd6+ Ne6 45. Rdxa6 Qd2 46. b5 Kh7
47. b6 Nf4 48. R1a2 Qe1+ 49. Kh2 Ne2 50. Ra1 Qf2 51. b7 Nf4 52. R6a2 Qb6 53.
Ra7 Ng6 54. R1a6 Qc7+ 55. g3 Qc2+ 56. Kh3 Qf2 57. Ra1 Qxf3 58. b8=Q Qg4+ 59.
Kh2 Qe2+ 60. Kg1 1-0

[Event "OSEM 2019"]
[Site "Oberviechtach"]
[Date "2019.04.16"]
[Round "7.12"]
[White "Stöckl, Maximilian"]
[Black "Bauer, Peter"]
[Result "1-0"]
[WhiteElo "1738"]
[BlackElo "1595"]
[PlyCount "59"]
[EventDate "2019.??.??"]
[WhiteTeam "SK Schwandorf"]
[BlackTeam "SV OVI"]

1. d4 d5 2. c4 e6 3. Nc3 Nf6 4. Bg5 Be7 5. cxd5 exd5 6. e3 Bf5 7. Bxf6 Bxf6 8.
Qb3 Bc8 9. Qxd5 O-O 10. Bc4 c6 11. Qxd8 Bxd8 12. Nge2 Nd7 13. O-O Be7 14. Rad1
b5 15. Bb3 a5 16. d5 Ba6 17. dxc6 Nc5 18. Nd5 Ra7 19. Bc2 b4 20. Rfe1 Ne6 21.
Nd4 Bc5 22. Nxe6 fxe6 23. Nf4 Bc4 24. b3 e5 25. Nd3 Bxd3 26. Bxd3 Bb6 27. Bc4+
Kh8 28. Rd7 Rc8 29. Red1 Rxd7 30. cxd7 1-0